000 01556nam0a22003731 4500
001 RU\NLR\INFOCOMM_41\5000242913
005 20250613090053.0
035 _a(NLR Aleph) 009049427
090 _a9569686
_c9569686
100 _a20080903d1984 |||y0rusy50 ca
101 0 _aeng
_drus
102 _aRU
105 _aa z 000yy
200 1 _aDeep inelastic scattering on bound nucleons
_fS. V. Akulinichev, S. A. Kulagin, G. M. Vagradov
210 _aМ.
_cИн-т ядер. исслед. АН СССР
_d1984
215 _a4 с.
_cграф.
_d29 см
225 1 _aAcademy of sciences of the USSR, Institute for nuclear research
_vP-0382
300 _aНа обороте тит. л.: Глубоконеупругое рассеяние на связанных нуклонах / С. В. Акулиничев, Г. М. Ваградов, С. А. Кулагин
300 _aРез. на рус. яз.
320 _aБиблиогр.: с. 4
517 1 _aГлубоконеупругое рассеяние на связанных нуклонах
606 _aНуклоны в ядре
_2nlr_sh1
686 _aВ383.18
_2rubbk
700 1 _9z01790
_aAkuliničev
_bS. V.
_gSergej Vsevolodovič
_4070
701 1 _aKulagin
_bS. A.
_gSergej Anatol'evič
_4070
701 1 _aVagradov
_bG.M.
_gGeorgij Michajlovič
_4070
790 1 _9z01700
_aAkulinichev
_bS. V.
_4070
801 1 _aRU
_bNLR
_c20080903
801 0 _aRU
_bNLR
_gPSBO
852 _aNLR
_jФз01 Д-8/571
942 _cBOOK
980 _aNB